000 01146nam a2200241Ia 4500
999 _c56113
_d56113
001 23214
003 GE_BSU
005 20251013143425.0
008 181216s1990||||ge |||||||||||||| ||geo||
040 _cGE_BSU
041 _ageo
080 _a94(100)"15/18"(075.8) ა-36
245 _aახალი ისტორია : (მეორე პერიოდი) : სახელმძღვ. სტუდ. /
_cრედ.: ვ. დონაძე, ნ. ნამორაძე.
264 _aთბილისი :
_bთბილ. უნ-ტის გამ-ბა,
_c1990.
300 _a453 გვ. ;
_c22 სმ.
541 _h3ლ.
653 _aახალი ისტორია - სახელმძღვანელოები უმაღლესი სასწავლებლებისათვის;
653 _aახალი ისტორია : (მეორე პერიოდი)
653 _aისტორია
700 _a დონაძე, ვ.
_eრედაქტორი
_926011
700 _aნამორაძე, ნ.
_eრედაქტორი
_92135
942 _cBK
_2udc